The Spain Quiz! - Statistics

General Stats
  • This quiz has been taken 601 times
  • The average score is 11 of 15
Answer Stats
Hint Answer % Correct
Capital City Madrid
99%
Famous "B" city Barcelona
95%
Currency Euro (EU)
95%
Flag Colors Red and yellow
95%
Smallest of its border countries Andorra
87%
Spanish for "Spain"? España
86%
Spanish for "thank you"? Gracias
86%
Infamous Party Island Ibiza
78%
Second biggest language after Spanish Catalan
73%
"S" city famous for oranges Seville
72%
Spanish owned islands near Africa The Canary Islands
65%
Famous dictator who is named after the old currency of Spain Franco
64%
Mountain range that separates France and Spain The Pyrenees
55%
Indigenous people of the north west Basques
48%
Mainland Party Town infamous for British tourists Benidorm
27%
No matching quizzes found
Score Distribution
Percent of People with Each Score
Percentile by Number Answered
Your Score History
You have not taken this quiz